[Event "2 night II 1600-2000 (30+1)"]
[Site "SchemingMind.com"]
[Date "2009.11.18"]
[Round "-"]
[White "jonjenson"]
[Black "echecs"]
[Result "1/2-1/2"]
[WhiteCountry "ENG"]
[BlackCountry "ENG"]
[WhiteElo "1833"]
[WhiteRD "61"]
[BlackElo "1710"]
[BlackRD "64"]
[GameID "226477"]

1. e4 e5 2. Nf3 Nc6 3. Bc4 Nf6 4. Ng5 d5 5. exd5 b5 6. Bf1 Nd4 7. c3 Nxd5 8. Ne4 Qh4 9. Ng3 Nc6 10. Bxb5 Bd7
11. Qf3 a6 12. Bd3 Nf4 13. Be4 Qf6 14. d3 Rb8 15. Bxf4 Qxf4 16. Bxc6 Qc1+ 17. Qd1 Qxd1+ 18. Kxd1 Bxc6 19. Kc2 Bxg2 20. Re1 Bd6
21. d4 O-O 22. dxe5 Bc5 23. f4 Bd5 24. Nd2 Rfd8 25. Nde4 Bb6 26. Nf5=
1/2-1/2

[Event "2 night II 1600-2000 (30+1)"]
[Site "SchemingMind.com"]
[Date "2009.11.18"]
[Round "-"]
[White "echecs"]
[Black "jonjenson"]
[Result "0-1"]
[WhiteCountry "ENG"]
[BlackCountry "ENG"]
[WhiteElo "1710"]
[WhiteRD "64"]
[BlackElo "1833"]
[BlackRD "61"]
[GameID "226478"]

1. e4 e5 2. Nf3 Nc6 3. Bc4 Nf6 4. Ng5 d5 5. exd5 b5 6. dxc6 bxc4 7. Qe2 Qd5 8. f4 h6 9. Nc3 Qxc6 10. fxe5 hxg5
11. exf6+ Be6 12. O-O Bc5+ 13. Kh1 Qd6 14. h3 O-O-O 15. fxg7 Rh7 16. Qe4 Rxg7 17. b3 Qa6 18. Bb2 Bd4 19. a4 cxb3 20. cxb3 Qb7
21. Qxb7+ Kxb7 22. b4 Rh7 23. Rab1 Bc4 24. Rfd1 Bd3 25. Ra1 f5 26. a5 f4 27. Na4 Bxb2 28. Nxb2 Be2 29. Rdc1 Rxd2 30. Na4 f3
31. Nc5+ Kc8 32. Ne4 fxg2+ 33. Kg1 Rd4 34. Nf6 Rxh3 35. Ne8 Rh7 36. b5 Bxb5 37. Nf6 Rh1+ 38. Kxg2 Rh6 39. Ne8 Bxe8
0-1

[Event "2 night II 1600-2000 (30+1)"]
[Site "SchemingMind.com"]
[Date "2009.11.18"]
[Round "-"]
[White "chesspool"]
[Black "echecs"]
[Result "1-0"]
[WhiteCountry "USA"]
[BlackCountry "ENG"]
[WhiteElo "1848"]
[WhiteRD "102"]
[BlackElo "1799"]
[BlackRD "64"]
[GameID "226514"]

1. e4 e5 2. Nf3 Nc6 3. Bc4 Nf6 4. Ng5 d5 5. exd5 b5 6. Bxb5 Qxd5 7. Nc3 Qxg2 8. Qf3 Qxf3 9. Nxf3 Bd7 10. O-O Bd6
11. Re1 O-O 12. Bxc6 Bxc6 13. Nxe5 Rfe8 14. d4 Bb7 15. Nb5 Bxe5 16. dxe5 Rac8 17. Nxa7 Rcd8 18. Bg5 h6 19. Bh4 g5 20. exf6 gxh4
21. Re7 Ra8 22. Rxe8+ Rxe8 23. Nb5 Re2 24. Rc1 c5 25. Nd6 Bc6 26. Nf5 Be4 27. Nxh6+ Kf8 28. Rd1 Ke8 29. Kf1 Rxc2 30. Re1 Rc4
31. f3 Kf8 32. Rxe4
1-0

[Event "2 night II 1600-2000 (30+1)"]
[Site "SchemingMind.com"]
[Date "2009.11.18"]
[Round "-"]
[White "chesspool"]
[Black "jonjenson"]
[Result "1-0"]
[WhiteCountry "USA"]
[BlackCountry "ENG"]
[WhiteElo "1890"]
[WhiteRD "97"]
[BlackElo "1820"]
[BlackRD "59"]
[GameID "226515"]

1. e4 e5 2. Nf3 Nc6 3. Bc4 Nf6 4. Ng5 d5 5. exd5 b5 6. Bxb5 Qxd5 7. Nc3 Qxg2 8. Qf3 Qxf3 9. Nxf3 Bd7 10. O-O Bd6
11. Re1 O-O-O 12. d3 Rhe8 13. Bg5 h6 14. Bh4 g5 15. Bg3 Nh5 16. Bxc6 Bxc6 17. Nxe5 Bxe5 18. Bxe5 f6 19. Bg3 f5 20. h4 g4
21. Ne2 Nf6 22. Bf4 Ng8 23. Ng3 Rf8 24. Re6 Rde8 25. Rxc6
1-0

[Event "2 night II 1600-2000 (30+1)"]
[Site "SchemingMind.com"]
[Date "2009.11.18"]
[Round "-"]
[White "echecs"]
[Black "chesspool"]
[Result "0-1"]
[WhiteCountry "ENG"]
[BlackCountry "USA"]
[WhiteElo "1799"]
[WhiteRD "64"]
[BlackElo "1848"]
[BlackRD "102"]
[GameID "226516"]

1. e4 e5 2. Nf3 Nc6 3. Bc4 Nf6 4. Ng5 d5 5. exd5 b5 6. dxc6 bxc4 7. Qe2 Qd5 8. Nc3 Qxg2 9. Qxe5+ Be7 10. Rf1 O-O
11. Ne2 Bd6 12. Rg1 Qxg1+ 13. Nxg1 Bxe5 14. d3 Rb8 15. Rb1 cxd3 16. cxd3 Bf5 17. Ke2 Rfd8 18. Ne4 Nxe4 19. dxe4 Bxe4 20. Ra1 Bxc6
21. Rb1 Bxh2 22. Nf3 Re8+ 23. Be3 Be4 24. Rc1 Rxb2+ 25. Nd2 Rxa2 26. Ke1 Bd5 27. Rb1 Bd6 28. Kd1 a5 29. Bd4 Bb4
0-1

[Event "2 night II 1600-2000 (30+1)"]
[Site "SchemingMind.com"]
[Date "2009.11.18"]
[Round "-"]
[White "jonjenson"]
[Black "chesspool"]
[Result "1/2-1/2"]
[WhiteCountry "ENG"]
[BlackCountry "USA"]
[WhiteElo "1833"]
[WhiteRD "61"]
[BlackElo "1799"]
[BlackRD "87"]
[GameID "226517"]

1. e4 e5 2. Nf3 Nc6 3. Bc4 Nf6 4. Ng5 d5 5. exd5 b5 6. Bf1 Nd4 7. c3 Nxd5 8. Ne4 Ne6 9. Bxb5+ Bd7 10. Bxd7+ Qxd7
11. O-O Be7 12. d4 exd4 13. cxd4 O-O 14. Be3 Rab8 15. b3 f5 16. Nc5 Nxc5 17. dxc5 Rbd8 18. a3 Nxe3 19. Qxd7 Rxd7 20. fxe3 Bxc5
21. Kh1 Bxe3 22. Ra2 c5 23. Nc3 Rd3 24. Rc2 Bd4 25. Nb5 Rxb3 26. Nxa7 Rxa3 27. Nb5 Ra4 28. Nxd4 cxd4 29. g3 d3 30. Rd2 Ra3
31. Rff2 g6 32. Kg2 Kg7 33. Rf3 Re8 34. Rfxd3 Rxd3 35. Rxd3 h6 36. Kf2 g5 37. Re3 Rxe3 38. Kxe3 Kf6 39. Kf2 g4 40. Ke2 Ke5
41. Kf1 Ke4 42. Ke2 h5 43. Kf2 f4 44. gxf4 Kxf4 45. Kg2 h4 46. Kf2 g3+ 47. Kg2 gxh2=
1/2-1/2

[Event "2 night II 1600-2000 (30+1)"]
[Site "SchemingMind.com"]
[Date "2009.11.18"]
[Round "-"]
[White "Nogiggling"]
[Black "echecs"]
[Result "0-1"]
[WhiteCountry "JAM"]
[BlackCountry "ENG"]
[WhiteElo "1518"]
[WhiteRD "97"]
[BlackElo "1745"]
[BlackRD "64"]
[GameID "226904"]

1. e4 e5 2. Nf3 Nc6 3. Bc4 Nf6 4. Ng5 d5 5. exd5 b5 6. Bxb5 Qxd5 7. Bxc6+ Qxc6 8. Qf3 Qxf3 9. Nxf3 Bd6 10. d3 Bb7
11. Nfd2 O-O 12. O-O Rfe8 13. Nc3 a6 14. Nde4 Be7 15. Nxf6+ Bxf6 16. Be3 Rad8 17. Ne4 Be7 18. a4 f6 19. b3 Bb4 20. Rfd1 h6
21. Nd2 Bc3 22. Ra3 e4 23. b4 Bxb4 24. Rb3 Bxd2 25. Rxd2 Bc6 26. dxe4 Bxa4
0-1

[Event "2 night II 1600-2000 (30+1)"]
[Site "SchemingMind.com"]
[Date "2009.11.21"]
[Round "-"]
[White "Nogiggling"]
[Black "jonjenson"]
[Result "0-1"]
[WhiteCountry "JAM"]
[BlackCountry "ENG"]
[WhiteElo "1504"]
[WhiteRD "99"]
[BlackElo "1833"]
[BlackRD "61"]
[GameID "226905"]

1. e4 e5 2. Nf3 Nc6 3. Bc4 Nf6 4. Ng5 d5 5. exd5 b5 6. Bxb5 Qxd5 7. Bxc6+ Qxc6 8. Qf3 e4 9. Qc3 Qd6 10. Qc4 Qe7
11. Nc3 h6 12. Ngxe4 Bb7 13. O-O Nxe4
0-1

[Event "2 night II 1600-2000 (30+1)"]
[Site "SchemingMind.com"]
[Date "2009.11.21"]
[Round "-"]
[White "Nogiggling"]
[Black "chesspool"]
[Result "0-1"]
[WhiteCountry "JAM"]
[BlackCountry "USA"]
[WhiteElo "1557"]
[WhiteRD "101"]
[BlackElo "1848"]
[BlackRD "102"]
[GameID "226906"]

1. e4 e5 2. Nf3 Nc6 3. Bc4 Nf6 4. Ng5 d5 5. exd5 b5 6. Bxb5 Qxd5 7. Bxc6+ Qxc6 8. Qf3 Qxf3 9. Nxf3 e4 10. Nd4 Bc5
11. c3 Ba6 12. b4 Bxd4 13. cxd4 O-O 14. a4 Bd3 15. Nc3 Rfd8 16. Nb5 c6 17. Nc3 Rxd4 18. b5 Rc8 19. Bb2 Rd7 20. Ra3 cxb5
21. Nxb5 Nd5 22. Nc3 Nf4
0-1

[Event "2 night II 1600-2000 (30+1)"]
[Site "SchemingMind.com"]
[Date "2009.11.18"]
[Round "-"]
[White "XTC"]
[Black "echecs"]
[Result "1-0"]
[WhiteCountry "COL"]
[BlackCountry "ENG"]
[WhiteElo "1818"]
[WhiteRD "48"]
[BlackElo "1745"]
[BlackRD "64"]
[GameID "227037"]

1. e4 e5 2. Nf3 Nc6 3. Bc4 Nf6 4. Ng5 d5 5. exd5 b5 6. Bf1 Qxd5 7. Nc3 Qd8 8. Bxb5 Bd7 9. Bc4 Nd5 10. Nxf7 Nxc3
11. Nxd8 Nxd1 12. Nf7 Nxf2 13. Kxf2 Bc5+ 14. Ke1 Rf8 15. Rf1 Nd4 16. Kd1 Be6 17. Nxe5 Rxf1+ 18. Bxf1 Bd6 19. Nf3 Nxf3 20. gxf3 Bxh2
21. Bb5+ Ke7 22. d4 Bd5 23. Bg5+ Kf7 24. Be2 h6 25. c4 Bb7 26. Be3 Re8 27. Kd2 Kf6 28. b4 a6 29. a4 g5 30. Rh1 Bd6
31. c5 Bf8 32. Rg1 Re6 33. f4 gxf4 34. Bxf4 Ke7 35. Bxc7 Ke8 36. b5 axb5 37. axb5 Rf6 38. c6 Bb4+ 39. Kd1 Bxc6 40. bxc6 Rxc6
41. Bb5
1-0

[Event "2 night II 1600-2000 (30+1)"]
[Site "SchemingMind.com"]
[Date "2009.11.22"]
[Round "-"]
[White "XTC"]
[Black "jonjenson"]
[Result "0-1"]
[WhiteCountry "COL"]
[BlackCountry "ENG"]
[WhiteElo "1739"]
[WhiteRD "49"]
[BlackElo "1799"]
[BlackRD "67"]
[GameID "227038"]

1. e4 e5 2. Nf3 Nc6 3. Bc4 Nf6 4. Ng5 d5 5. exd5 b5 6. Bf1 Nd4 7. c3 Nxd5 8. cxd4 Qxg5 9. Bxb5+ Kd8 10. Qf3 Bb7
11. O-O e4 12. Qxe4 Bd6 13. d3 Bxh2+ 14. Kxh2 Nf4 15. Qxb7 Qh4+ 16. Kg1 Ne2#
0-1

[Event "2 night II 1600-2000 (30+1)"]
[Site "SchemingMind.com"]
[Date "2009.11.22"]
[Round "-"]
[White "XTC"]
[Black "chesspool"]
[Result "1/2-1/2"]
[WhiteCountry "COL"]
[BlackCountry "USA"]
[WhiteElo "1739"]
[WhiteRD "49"]
[BlackElo "1848"]
[BlackRD "102"]
[GameID "227039"]

1. e4 e5 2. Nf3 Nc6 3. Bc4 Nf6 4. Ng5 d5 5. exd5 b5 6. Bf1 Nd4 7. c3 Nxd5 8. Ne4 Ne6 9. Bxb5+ Bd7 10. Bxd7+ Qxd7
11. O-O Be7 12. d4 exd4 13. cxd4 O-O 14. Nbc3 Rab8 15. Nxd5 Qxd5 16. Re1 Rfe8 17. b3 Qxd4 18. Qxd4 Nxd4 19. Rd1 Rbd8 20. Be3 Nc2
21. Rxd8 Rxd8 22. Rf1 Nxe3 23. fxe3 Rd3 24. Kf2 f5 25. Ng3 g6 26. Ke2 Rc3 27. Kd2 Rc6 28. e4 Bb4+ 29. Kd1 Rd6+ 30. Kc1 f4
31. Ne2 Rd2 32. Nxf4 Rxa2 33. Kb1 Rd2 34. h4 Bd6 35. g3 Rh2 36. Rf3 Kf7 37. Nd3+ Ke6 38. Re3 c6 39. e5 Be7 40. Nf4+ Kf5
41. e6 Kf6 42. Ne2 Bc5 43. Re4 Ke7 44. Kc2 Rf2 45. Kc3 Rf3+ 46. Kc4 Re3=
1/2-1/2

[Event "2 night II 1600-2000 (30+1)"]
[Site "SchemingMind.com"]
[Date "2009.11.18"]
[Round "-"]
[White "echecs"]
[Black "XTC"]
[Result "1-0"]
[WhiteCountry "ENG"]
[BlackCountry "COL"]
[WhiteElo "1824"]
[WhiteRD "60"]
[BlackElo "1679"]
[BlackRD "53"]
[GameID "227041"]

1. e4 e5 2. Nf3 Nc6 3. Bc4 Nf6 4. Ng5 d5 5. exd5 b5 6. dxc6 bxc4 7. Qe2 Qd5 8. f4 Qxc6 9. Nc3 Bc5 10. Qxe5+ Kd8
11. Nxf7+ Kd7 12. Nxh8
1-0

[Event "2 night II 1600-2000 (30+1)"]
[Site "SchemingMind.com"]
[Date "2009.11.22"]
[Round "-"]
[White "jonjenson"]
[Black "XTC"]
[Result "1-0"]
[WhiteCountry "ENG"]
[BlackCountry "COL"]
[WhiteElo "1820"]
[WhiteRD "59"]
[BlackElo "1818"]
[BlackRD "48"]
[GameID "227042"]

1. e4 e5 2. Nf3 Nc6 3. Bc4 Nf6 4. Ng5 d5 5. exd5 b5 6. Bf1 Nd4 7. c3 Nxd5 8. Ne4 Qh4 9. Ng3 Bg4 10. f3 e4
11. cxd4 Bd6 12. Bxb5+ Kd8 13. O-O exf3 14. Rxf3 Bxf3 15. Qxf3 Qxd4+ 16. Kh1 Qc5 17. Nc3 c6 18. Nge4
1-0

[Event "2 night II 1600-2000 (30+1)"]
[Site "SchemingMind.com"]
[Date "2009.11.22"]
[Round "-"]
[White "chesspool"]
[Black "XTC"]
[Result "1-0"]
[WhiteCountry "USA"]
[BlackCountry "COL"]
[WhiteElo "1848"]
[WhiteRD "102"]
[BlackElo "1739"]
[BlackRD "49"]
[GameID "227043"]

1. e4 e5 2. Nf3 Nc6 3. Bc4 Nf6 4. Ng5 d5 5. exd5 b5 6. Bxb5 Qxd5 7. Nc3 Qxg2 8. Qf3 Qxf3 9. Nxf3 Bd7 10. O-O Bd6
11. Re1 Nb4 12. Nxe5 Nxc2 13. Nxd7+ Kd8 14. Nxf6 Nxe1 15. Nfe4 Nc2 16. Nxd6 cxd6 17. Rb1 Nd4 18. Bc4 f5 19. d3 h6 20. Be3 Nf3+
21. Kg2 Ne5 22. Bd5
1-0

[Event "2 night II 1600-2000 (30+1)"]
[Site "SchemingMind.com"]
[Date "2009.11.17"]
[Round "-"]
[White "Nogiggling"]
[Black "XTC"]
[Result "0-1"]
[WhiteCountry "JAM"]
[BlackCountry "COL"]
[WhiteElo "1518"]
[WhiteRD "97"]
[BlackElo "1818"]
[BlackRD "48"]
[GameID "227044"]

1. e4 e5 2. Nf3 Nc6 3. Bc4 Nf6 4. Ng5 d5 5. exd5 b5 6. Bxb5 Qxd5 7. Bxc6+ Qxc6 8. Qf3 Bb7 9. Qxc6+ Bxc6 10. O-O Bd6
11. Nc3 O-O 12. d3 h6 13. Nge4 Nxe4 14. dxe4 Bb4 15. f3 Bxc3 16. bxc3 Rad8 17. Be3 Bb5 18. Rfd1 a6 19. a4 Bc4 20. Bc5 Rfe8
21. Bb4 g6 22. Ba5 Rc8 23. Rd7 c6 24. Rc7 f5 25. Re1 Rxc7 26. Bxc7 Re7 27. Bd6 Re6 28. Rd1 fxe4 29. fxe4 Be2 30. Rd2 Rf6
31. Rxe2 Rxd6
0-1

[Event "2 night II 1600-2000 (30+1)"]
[Site "SchemingMind.com"]
[Date "2009.11.18"]
[Round "-"]
[White "J Mo"]
[Black "XTC"]
[Result "1-0"]
[WhiteCountry "ENG"]
[BlackCountry "COL"]
[WhiteElo "1848"]
[WhiteRD "112"]
[BlackElo "1679"]
[BlackRD "53"]
[GameID "227123"]

1. e4 e5 2. Nf3 Nc6 3. Bc4 Nf6 4. Ng5 d5 5. exd5 b5 6. Bxb5 Qxd5 7. Bxc6+ Qxc6 8. Qf3 e4 9. Qb3 Qd7 10. Nc3 Qf5
11. Qxf7+ Kd8 12. d3 e3 13. Bxe3 Be6 14. Nxe6+
1-0

[Event "2 night II 1600-2000 (30+1)"]
[Site "SchemingMind.com"]
[Date "2009.11.19"]
[Round "-"]
[White "J Mo"]
[Black "echecs"]
[Result "1-0"]
[WhiteCountry "ENG"]
[BlackCountry "ENG"]
[WhiteElo "1848"]
[WhiteRD "112"]
[BlackElo "1824"]
[BlackRD "60"]
[GameID "227124"]

1. e4 e5 2. Nf3 Nc6 3. Bc4 Nf6 4. Ng5 d5 5. exd5 b5 6. Bf1 Nd4 7. c3 Nxd5 8. Ne4 Qh4 9. Bxb5+ Nxb5 10. Qa4 Kd8
11. d3 Bd7 12. Bg5+
1-0

[Event "2 night II 1600-2000 (30+1)"]
[Site "SchemingMind.com"]
[Date "2009.11.23"]
[Round "-"]
[White "J Mo"]
[Black "jonjenson"]
[Result "0-1"]
[WhiteCountry "ENG"]
[BlackCountry "ENG"]
[WhiteElo "1857"]
[WhiteRD "94"]
[BlackElo "1820"]
[BlackRD "59"]
[GameID "227125"]

1. e4 e5 2. Nf3 Nc6 3. Bc4 Nf6 4. Ng5 d5 5. exd5 b5 6. dxc6 bxc4 7. Qe2 Qd5 8. f4 h6 9. fxe5 hxg5 10. exf6+ Be6
11. fxg7 Bxg7 12. Nc3 Qxc6 13. d3 cxd3 14. Qxd3 Qxg2 15. Rf1 Rxh2 16. Qb5+ Kf8 17. Qc5+ Kg8 18. Qxg5 Bg4 19. Be3 Qg3+
0-1

[Event "2 night II 1600-2000 (30+1)"]
[Site "SchemingMind.com"]
[Date "2009.11.23"]
[Round "-"]
[White "J Mo"]
[Black "chesspool"]
[Result "1-0"]
[WhiteCountry "ENG"]
[BlackCountry "USA"]
[WhiteElo "1883"]
[WhiteRD "100"]
[BlackElo "1848"]
[BlackRD "102"]
[GameID "227126"]

1. e4 e5 2. Nf3 Nc6 3. Bc4 Nf6 4. Ng5 d5 5. exd5 b5 6. Bf1 Nd4 7. c3 Nxd5 8. Nxf7 Kxf7 9. cxd4 exd4 10. Qf3+ Kg8
11. Bxb5 Qe7+ 12. Qe2 Qxe2+ 13. Bxe2 Bf5 14. O-O c6 15. Bc4
1-0

[Event "2 night II 1600-2000 (30+1)"]
[Site "SchemingMind.com"]
[Date "2009.11.23"]
[Round "-"]
[White "J Mo"]
[Black "Nogiggling"]
[Result "1-0"]
[WhiteCountry "ENG"]
[BlackCountry "JAM"]
[WhiteElo "1883"]
[WhiteRD "100"]
[BlackElo "1557"]
[BlackRD "101"]
[GameID "227127"]

1. e4 e5 2. Nf3 Nc6 3. Bc4 Nf6 4. Ng5 d5 5. exd5 b5 6. dxc6 bxc4 7. Qe2 Qd5 8. O-O Bd6 9. d3 cxd3 10. cxd3 Qxc6
11. Nc3 O-O 12. Kh1 Bb7 13. f3 h6 14. Nge4 Nxe4 15. fxe4 f6 16. Qg4 Bc8 17. Qg3 Rd8 18. Bxh6 Bf8 19. Nd5 g5 20. Nxf6+
1-0

[Event "2 night II 1600-2000 (30+1)"]
[Site "SchemingMind.com"]
[Date "2009.11.19"]
[Round "-"]
[White "XTC"]
[Black "J Mo"]
[Result "0-1"]
[WhiteCountry "COL"]
[BlackCountry "ENG"]
[WhiteElo "1739"]
[WhiteRD "49"]
[BlackElo "1883"]
[BlackRD "100"]
[GameID "227128"]

1. e4 e5 2. Nf3 Nc6 3. Bc4 Nf6 4. Ng5 d5 5. exd5 b5 6. Bf1 Nd4 7. c3 Nxd5 8. cxd4 Qxg5 9. Bxb5+ Kd8 10. Qf3 Bb7
11. O-O Rb8 12. dxe5 Nf4 13. Bc6 Ne2+ 14. Qxe2 Bxc6 15. g3 f6 16. d4 Qf5 17. b3 Qh3 18. f3 Bb5 19. Qg2 Bxf1 20. Qxh3 Bxh3
21. g4 fxe5 22. dxe5 Bc5+ 23. Kh1 Bd4 24. Bg5+ Kd7 25. Nc3 Bxc3 26. Rd1+ Ke6
0-1

[Event "2 night II 1600-2000 (30+1)"]
[Site "SchemingMind.com"]
[Date "2009.11.18"]
[Round "-"]
[White "echecs"]
[Black "J Mo"]
[Result "0-1"]
[WhiteCountry "ENG"]
[BlackCountry "ENG"]
[WhiteElo "1745"]
[WhiteRD "64"]
[BlackElo "1857"]
[BlackRD "94"]
[GameID "227129"]

1. e4 e5 2. Nf3 Nc6 3. Bc4 Nf6 4. Ng5 d5 5. exd5 b5 6. dxc6 bxc4 7. Qe2 Qd5 8. f4 e4 9. Nc3 Qxc6 10. Ngxe4 Nxe4
11. Nxe4 Be7 12. O-O O-O 13. d3 Ba6 14. Re1 cxd3 15. cxd3 Rfe8 16. Qd2 Rab8 17. a3 f5 18. Nf2 Bb7 19. Nd1 Bc5+ 20. Kf1 Rxe1+
21. Kxe1 Qxg2 22. Qxg2 Bxg2 23. b4 Re8+ 24. Kd2 Bd4 25. Rb1 a6 26. Kc2 Re2+ 27. Kb3 Bd5+ 28. Ka4 Rxh2 29. Bb2 Bxb2 30. Ne3 Be6
31. Re1 Kf7 32. Rb1 h5 33. Nf1 Rf2 34. Ng3 h4 35. Nh1 Rh2 36. d4 Bd5
0-1

[Event "2 night II 1600-2000 (30+1)"]
[Site "SchemingMind.com"]
[Date "2009.11.23"]
[Round "-"]
[White "jonjenson"]
[Black "J Mo"]
[Result "1-0"]
[WhiteCountry "ENG"]
[BlackCountry "ENG"]
[WhiteElo "1820"]
[WhiteRD "59"]
[BlackElo "1857"]
[BlackRD "94"]
[GameID "227130"]

1. e4 e5 2. Nf3 Nc6 3. Bc4 Nf6 4. Ng5 d5 5. exd5 b5 6. Bf1 Nd4 7. c3 Nxd5 8. Ne4 Qh4 9. Ng3 Bg4 10. f3 e4
11. cxd4 Bd6 12. Bxb5+ Kd8 13. O-O exf3 14. Rxf3 Rb8 15. Bf1 Re8 16. Nc3 Bxf3 17. Qxf3 Qxd4+ 18. Kh1 Re1 19. Nf5 Qe5 20. Nxd6 Qxd6
21. Nxd5
1-0

[Event "2 night II 1600-2000 (30+1)"]
[Site "SchemingMind.com"]
[Date "2009.11.23"]
[Round "-"]
[White "chesspool"]
[Black "J Mo"]
[Result "1-0"]
[WhiteCountry "USA"]
[BlackCountry "ENG"]
[WhiteElo "1848"]
[WhiteRD "102"]
[BlackElo "1883"]
[BlackRD "100"]
[GameID "227131"]

1. e4 e5 2. Nf3 Nc6 3. Bc4 Nf6 4. Ng5 d5 5. exd5 b5 6. Bxb5 Qxd5 7. Nc3 Qxg2 8. Qf3 Qxf3 9. Nxf3 Bb7 10. Nxe5 O-O-O
11. Bxc6 Bxc6 12. Nxc6 Re8+ 13. Kf1 Bc5 14. d4 Bb6 15. Bg5 Re6 16. d5 Nxd5 17. Nxd5
1-0

[Event "2 night II 1600-2000 (30+1)"]
[Site "SchemingMind.com"]
[Date "2009.11.23"]
[Round "-"]
[White "Nogiggling"]
[Black "J Mo"]
[Result "0-1"]
[WhiteCountry "JAM"]
[BlackCountry "ENG"]
[WhiteElo "1504"]
[WhiteRD "99"]
[BlackElo "1868"]
[BlackRD "97"]
[GameID "227132"]

1. e4 e5 2. Nf3 Nc6 3. Bc4 Nf6 4. Ng5 d5 5. exd5 b5 6. dxc6 bxc4 7. Nc3 Bc5 8. b3 Qd6 9. Nge4 Qxc6 10. Nxf6+ Qxf6
11. Ne4 Qc6 12. Qf3 Rb8 13. Nxc5 Qxc5 14. a4 O-O 15. O-O Be6 16. Ba3 Qa5 17. Bxf8 Rxf8 18. Qc3 Qxc3 19. dxc3 cxb3 20. cxb3 Bxb3
21. Rfb1 Bd5 22. Rb2 f5 23. Rb5 c6
0-1

[Event "2 night II 1600-2000 (30+1)"]
[Site "SchemingMind.com"]
[Date "2009.11.23"]
[Round "-"]
[White "David Hartley"]
[Black "XTC"]
[Result "1-0"]
[WhiteCountry "ENG"]
[BlackCountry "COL"]
[WhiteElo "1833"]
[WhiteRD "68"]
[BlackElo "1739"]
[BlackRD "49"]
[GameID "227135"]

1. e4 e5 2. Nf3 Nc6 3. Bc4 Nf6 4. Ng5 d5 5. exd5 b5 6. Bf1 Nd4 7. c3 Nxd5 8. Nxf7 Kxf7 9. cxd4 exd4 10. Qf3+ Kg8
11. Bxb5 Bb7 12. O-O Rb8 13. Qe4 Qf6 14. Bc4 Rd8 15. d3 g6 16. Bf4 c5 17. Be5
1-0

[Event "2 night II 1600-2000 (30+1)"]
[Site "SchemingMind.com"]
[Date "2009.11.23"]
[Round "-"]
[White "David Hartley"]
[Black "J Mo"]
[Result "0-1"]
[WhiteCountry "ENG"]
[BlackCountry "ENG"]
[WhiteElo "1833"]
[WhiteRD "68"]
[BlackElo "1883"]
[BlackRD "100"]
[GameID "227136"]

1. e4 e5 2. Nf3 Nc6 3. Bc4 Nf6 4. Ng5 d5 5. exd5 b5 6. Bf1 Nd4 7. c3 Nxd5 8. Nxf7 Kxf7 9. cxd4 exd4 10. Qf3+ Nf6
11. Qxa8 Bc5 12. h3 Re8+ 13. Be2 d3 14. O-O dxe2 15. Re1 Bxf2+
0-1

[Event "2 night II 1600-2000 (30+1)"]
[Site "SchemingMind.com"]
[Date "2009.11.23"]
[Round "-"]
[White "David Hartley"]
[Black "echecs"]
[Result "1-0"]
[WhiteCountry "ENG"]
[BlackCountry "ENG"]
[WhiteElo "1845"]
[WhiteRD "65"]
[BlackElo "1748"]
[BlackRD "64"]
[GameID "227137"]

1. e4 e5 2. Nf3 Nc6 3. Bc4 Nf6 4. Ng5 d5 5. exd5 b5 6. Bf1 Nxd5 7. Bxb5 Bd7 8. Qf3 Qxg5 9. Qxd5 Qf6 10. O-O Qd6
11. Nc3 Be7 12. Re1 O-O 13. d3 Rfd8 14. Bxc6 Bxc6 15. Qxe5 Qxe5 16. Rxe5 Bd6 17. Re2 Rab8 18. Rb1 Bb4 19. Bd2 h6 20. a3 Bd6
21. b4 a6 22. Ree1 f6 23. Re2 Kh7 24. Ne4 Be5 25. Ree1 Ra8 26. Nc5 Ra7 27. Be3 Raa8 28. Rec1 Rdb8 29. g3 Bd6 30. Ne4 Be7
31. Bc5 Bd8 32. Be3 Ba4 33. Nc5 Be8 34. Ne6 Rc8 35. Nxd8 Rxd8 36. Re1 Ba4 37. Re2 c6 38. Bc5 Rdb8 39. c3 a5 40. Rbb2 Rd8
41. d4 Bd1 42. Red2 Bf3 43. Rd3 Bd5 44. Rd1 a4 45. Re1 Rac8 46. b5 cxb5 47. Rxb5 Bb3 48. Rb4 Rd5 49. c4 Rf5 50. Rc1 Rcxc5
51. dxc5 Rxc5 52. Kg2 f5 53. Kf3 g5 54. Ke3 Kg6 55. Kd4 Rc8 56. Rb6+ Kh5 57. f3 Rd8+ 58. Ke5 Rf8 59. c5
1-0

[Event "2 night II 1600-2000 (30+1)"]
[Site "SchemingMind.com"]
[Date "2009.11.23"]
[Round "-"]
[White "David Hartley"]
[Black "jonjenson"]
[Result "1-0"]
[WhiteCountry "ENG"]
[BlackCountry "ENG"]
[WhiteElo "1842"]
[WhiteRD "66"]
[BlackElo "1833"]
[BlackRD "61"]
[GameID "227138"]

1. e4 e5 2. Nf3 Nc6 3. Bc4 Nf6 4. Ng5 d5 5. exd5 b5 6. Bf1 Nd4 7. c3 Nxd5 8. Ne4 Ne6 9. Bxb5+ Bd7 10. Bxd7+ Qxd7
11. O-O Bd6 12. d3 O-O 13. Nbd2 f5 14. Ng3 f4 15. Nge4 Nc5 16. Nxc5 Bxc5 17. Nf3 Rae8 18. d4 exd4 19. Nxd4 Nf6 20. Bxf4 Ng4
21. Bg3 Re7 22. Nb3 Qxd1 23. Raxd1 Bb6 24. c4 c5 25. Bd6 Re2 26. Bxf8 Kxf8 27. Rd2 Re7 28. a4
1-0

[Event "2 night II 1600-2000 (30+1)"]
[Site "SchemingMind.com"]
[Date "2009.11.23"]
[Round "-"]
[White "David Hartley"]
[Black "chesspool"]
[Result "1/2-1/2"]
[WhiteCountry "ENG"]
[BlackCountry "USA"]
[WhiteElo "1840"]
[WhiteRD "65"]
[BlackElo "1890"]
[BlackRD "97"]
[GameID "227139"]

1. e4 e5 2. Nf3 Nc6 3. Bc4 Nf6 4. Ng5 d5 5. exd5 b5 6. Bf1 Nd4 7. c3 Nxd5 8. Ne4 Ne6 9. Bxb5+ Bd7 10. Bxd7+ Qxd7
11. O-O Be7 12. d3 O-O 13. Nbd2 Ng5 14. Nf3 Nxf3+ 15. Qxf3 Rad8 16. Rd1 f5 17. Ng3 Nb6 18. d4 e4 19. Qe2 g6 20. f3 exf3
21. Qxf3 Bf6 22. Be3 Nd5 23. Bf2 Rb8 24. Rab1 Rfe8 25. b3 Bg5 26. Nf1 c6 27. Re1 Kg7 28. Rxe8 Rxe8 29. Re1 Rxe1 30. Bxe1 Qd6
31. c4 Nf6 32. Bf2 Ne4 33. d5 cxd5 34. Bxa7 dxc4= 35. bxc4 Qa6 36. Bd4+ Bf6 37. Bxf6+ Kxf6 38. Qb3 Qa7+ 39. Qe3 Qxa2 40. c5 Qc4
41. h3 Qxc5 42. Qxc5 Nxc5 43. g3 g5 44. Kg2 h5 45. Nh2 Ne4 46. Kf3 g4+ 47. hxg4 hxg4+ 48. Nxg4+ fxg4+=
1/2-1/2

[Event "2 night II 1600-2000 (30+1)"]
[Site "SchemingMind.com"]
[Date "2009.11.23"]
[Round "-"]
[White "David Hartley"]
[Black "Nogiggling"]
[Result "1-0"]
[WhiteCountry "ENG"]
[BlackCountry "JAM"]
[WhiteElo "1840"]
[WhiteRD "65"]
[BlackElo "1518"]
[BlackRD "97"]
[GameID "227140"]

1. e4 e5 2. Nf3 Nc6 3. Bc4 Nf6 4. Ng5 d5 5. exd5 b5 6. Bf1 Nd4 7. c3 Nf5 8. Bxb5+ Bd7 9. Bxd7+ Nxd7 10. d3 Be7
11. Nf3 O-O 12. O-O Nf6 13. c4 Bc5 14. Nxe5 Qd6 15. Bf4 Qb6 16. Qd2 Bd4 17. Nc3 Rab8 18. Rab1 Rfe8 19. Rfe1 Ng4 20. Nxg4 Rxe1+
21. Rxe1
1-0